00689nam a22001937a 450000500170000001000150001702000260003203500140005803700090007208200100008110000270009124500720011826000380019027000760022830000200030494200240032499900190034895201280036720240502152202.0 aENG-140262 a9789389393934c800.00 aEN-123794 bDBAD a158.1 aChopra, Vineeta965498 aCareer Books:bEvery Young Women Needs to Read/cBy Vineeta Chopra  aAllahabadbSanket Prakashanc2018 a5- Upendra Nath Ashk Marg, Old Khusro Bagh Road bUttar Pradeshe211001 a260p.c21cm(hb) 2ddccENh158.1mCHO c202568d202568 001040708NFICaAVbAVd2024-05-02eDBADg800.00l0o158.1 CHOpEN-123794r2024-05-02 00:00:00t1v800.00w2024-05-02yEN